[Event "Moscow Aeroflot op-B 16th"]
[Site "Moscow"]
[Date "2017.02.23"]
[Round "3"]
[White "Hakobyan, Aram"]
[Black "Konovalov, Nikolay"]
[Result "1/2-1/2"]
[WhiteElo "2438"]
[BlackElo "2501"]
[PlyCount "154"]
[EventDate "2017.02.21"]
[EventType "swiss"]
[EventRounds "9"]
[EventCountry "RUS"]
[SourceTitle "CBM 177 Extra"]
[Source "ChessBase"]
[SourceDate "2017.04.27"]
[SourceVersion "1"]
[SourceVersionDate "2017.04.27"]
[SourceQuality "1"]

1. d4 g6 2. e4 Bg7 3. Nc3 a6 4. h4 h6 5. f4 d5 6. Nxd5 e6 7. Nc3 Qxd4 8. Qxd4 Bxd4 9. Nf3 Bxc3+ 10. bxc3 h5 11. c4 Nf6 12. Bb2 Nbd7 13. Rd1 Rg8 14. Ng5 b6 15. Rh3 Bb7 16. Rhd3 Bc6 17. Be2 Ng4 18. Bxg4 hxg4 19. Nxf7 Rf8 20. Ng5 Nc5 21. Re3 Rd8 22. Rxd8+ Kxd8 23. Ba3 Ke7 24. g3 a5 25. e5 Rh8 26. Kd2 Rh5 27. Kc3 Rh8 28. Rd3 a4 29. Rd1 Ba8 30. Bb4 Bc6 31. Kb2 Rh5 32. Ka3 Rh8 33. Rd4 Bb7 34. Kb2 Bc6 35. Kc3 Ba8 36. Kd2 Bc6 37. Ba3 Ba8 38. Ke3 Bc6 39. Rd1 Ba8 40. Rd4 Bc6 41. Rd2 Ba8 42. Rd1 Bc6 43. Rb1 Kd7 44. Bb4 Ke7 45. a3 Kd7 46. Kd4 Na6 47. Rd1 Kc8 48. Ke3 Re8 49. Nh7 Bf3 50. Rd3 Rd8 51. Be1 Nc5 52. Rxd8+ Kxd8 53. Ng5 Bg2 54. Bb4 Na6 55. Kd2 c5 56. Bc3 Ke7 57. Nh7 Nc7 58. Nf6 Bf3 59. Kd3 Ne8 60. h5 gxh5 61. Nxh5 Kf7 62. Nf6 Ke7 63. Nh5 Kf7 64. Ke3 Ng7 65. Nxg7 Kxg7 66. f5 exf5 67. e6+ Kf8 68. Bf6 Ke8 69. Kf4 Be4 70. c3 Bd3 71. Ke5 Bxc4 72. Kxf5 Bb3 73. e7 Bd1 74. Ke6 b5 75. Kd6 Be2 76. Kxc5 Bc4 77. Kd6 Be2 1/2-1/2

[Event "Raskazovo"]
[Site "Raskazovo"]
[Date "2016.11.30"]
[Round "3"]
[White "Konovalov, Nikolay"]
[Black "Trubizin, Ivan"]
[Result "1-0"]
[WhiteElo "2459"]
[BlackElo "2141"]
[PlyCount "37"]
[EventDate "2016.11.29"]
[EventType "tourn"]
[EventRounds "9"]
[EventCountry "RUS"]
[EventCategory "3"]
[SourceTitle "EXT 2018"]
[Source "ChessBase"]
[SourceDate "2017.10.13"]
[SourceVersion "1"]
[SourceVersionDate "2017.10.13"]
[SourceQuality "1"]

1. e4 c5 2. Nf3 a6 3. d4 cxd4 4. Nxd4 Nf6 5. Nc3 e5 6. Nf3 Bb4 7. Bc4 0-0 8. 0-0 Bxc3 9. bxc3 Qc7 10. Qd3 Nc6 11. Ba3 b5 12. Bxf8 bxc4 13. Bd6 cxd3 14. Bxc7 dxc2 15. Rfc1 Nxe4 16. Nxe5 Nxe5 17. Bxe5 d5 18. f3 Nc5 19. Rxc2 1-0

[Event "Dubna Suetin Memorial"]
[Site "Dubna"]
[Date "2016.11.21"]
[Round "8"]
[White "Konovalov, Nikolay"]
[Black "Gusev, Aleksey"]
[Result "1/2-1/2"]
[WhiteElo "2459"]
[BlackElo "2398"]
[PlyCount "54"]
[EventDate "2016.11.16"]
[EventType "tourn"]
[EventRounds "13"]
[EventCountry "RUS"]
[EventCategory "5"]
[SourceTitle "CBM 175 Extra"]
[Source "ChessBase"]
[SourceDate "2016.12.12"]
[SourceVersion "1"]
[SourceVersionDate "2016.12.12"]
[SourceQuality "1"]

1. d4 d5 2. c4 c6 3. cxd5 cxd5 4. Bf4 Bf5 5. e3 e6 6. Bd3 Bxd3 7. Qxd3 Bd6 8. Bxd6 Qxd6 9. Nc3 Nc6 10. Nf3 Nf6 11. 0-0 0-0 12. Rac1 Rac8 13. a3 a6 14. Rc2 Rc7 15. Rfc1 Rfc8 16. Ne2 Ne7 17. Rxc7 Rxc7 18. Rxc7 Qxc7 19. Qc3 Qxc3 20. Nxc3 Nc6 21. Kf1 Kf8 22. Ke2 Ke7 23. Kd3 Kd6 24. h3 h6 25. Nd2 Nd7 26. Ke2 Kc7 27. Kd3 Kd6 1/2-1/2

[Event "Moscow-chT"]
[Site "Moscow"]
[Date "2016.10.22"]
[Round "3.4"]
[White "Konovalov, Nikolay"]
[Black "Ivanova, Karina"]
[Result "0-1"]
[WhiteElo "2459"]
[BlackElo "2170"]
[PlyCount "104"]
[EventDate "2016.10.18"]
[EventType "team-swiss"]
[EventRounds "9"]
[EventCountry "RUS"]
[SourceTitle "CBM 175 Extra"]
[Source "ChessBase"]
[SourceDate "2016.12.12"]
[SourceVersion "1"]
[SourceVersionDate "2016.12.12"]
[SourceQuality "1"]
[WhiteTeam "Russia Chess School"]
[BlackTeam "Moscow Youth II"]
[WhiteTeamCountry "RUS"]
[BlackTeamCountry "RUS"]

1. d4 Nf6 2. Nf3 e6 3. e3 c5 4. Bd3 b6 5. 0-0 Bb7 6. c4 Be7 7. Nc3 cxd4 8. exd4 d5 9. cxd5 Nxd5 10. Bb5+ Bc6 11. Qb3 0-0 12. Ne5 Bxb5 13. Qxb5 f6 14. Nd3 a6 15. Qc4 b5 16. Qb3 Nc6 17. Nxd5 Qxd5 18. Qxd5 exd5 19. Be3 Nb4 20. Nc5 Rfd8 21. Rfd1 Bxc5 22. dxc5 d4 23. Bf4 Kf7 24. a4 Nc6 25. Ra3 Ke6 26. Bd6 Kd5 27. Rda1 b4 28. Rh3 Rh8 29. b3 g6 30. Rf3 f5 31. h3 Rae8 32. Kf1 Re4 33. Rd1 Rhe8 34. Rfd3 h5 35. R3d2 g5 36. Bh2 Kxc5 37. Rc2+ Kb6 38. Rdc1 R8e6 39. a5+ Kb7 40. Rc5 d3 41. Rd5 f4 42. Rd7+ Ka8 43. Rxd3 Nxa5 44. f3 Re3 45. Rd8+ Kb7 46. Rd7+ Kb8 47. Bg1 Rc3 48. Rcd1 Nxb3 49. h4 g4 50. fxg4 hxg4 51. Rf7 Rc1 52. Rxc1 Nd2+ 0-1

[Event "Samara Polugaevsky Memorial 6th"]
[Site "Samara"]
[Date "2016.07.06"]
[Round "4"]
[White "Musaev, Rasul"]
[Black "Konovalov, Nikolay"]
[Result "0-1"]
[WhiteElo "2219"]
[BlackElo "2444"]
[PlyCount "118"]
[EventDate "2016.07.03"]
[EventType "swiss"]
[EventRounds "9"]
[EventCountry "RUS"]
[SourceTitle "CBM 173 Extra"]
[Source "ChessBase"]
[SourceDate "2016.08.29"]
[SourceVersion "1"]
[SourceVersionDate "2016.08.29"]
[SourceQuality "1"]

1. e4 g6 2. d4 Bg7 3. Nc3 d6 4. Be3 a6 5. f4 b5 6. Bd3 Bb7 7. a3 Nd7 8. Nf3 c5 9. 0-0 Ngf6 10. dxc5 Ng4 11. Qe2 Nxe3 12. Qxe3 Nxc5 13. Be2 Qb6 14. e5 Nd7 15. Qxb6 Nxb6 16. Rfd1 dxe5 17. Nxe5 Rc8 18. Bd3 f6 19. Nf3 Nc4 20. Bxc4 Rxc4 21. Nd4 Kf7 22. Nce2 Rd8 23. c3 Rd6 24. Kf2 Rc8 25. Nc2 Rcd8 26. Ne3 f5 27. Rxd6 Rxd6 28. Rd1 Rxd1 29. Nxd1 e5 30. g3 Ke6 31. Ne3 Kd6 32. fxe5+ Kxe5 33. Nd4 Bh6 34. Nb3 Bf8 35. c4 f4 36. gxf4+ Kxf4 37. cxb5 axb5 38. Nd4 Ke4 39. Nxb5 Bc5 40. Nc3+ Kd3 41. Ncd1 Bd4 42. a4 Kd2 43. b4 Bd5 44. a5 Bc6 45. h4 h5 46. b5 Bxb5 47. Kf3 Be2+ 48. Ke4 Bf6 49. Nd5 Bxh4 50. N1e3 Bf2 51. Ng2 g5 52. Kf5 h4 53. Ndf4 gxf4 54. Nxf4 Bf3 55. a6 Be3 56. Nh3 Ke2 57. a7 Kf1 58. Nf4 Bxa7 59. Kg5 Be3 0-1

[Event "Moscow Aeroflot op-B 15th"]
[Site "Moscow"]
[Date "2016.03.01"]
[Round "1"]
[White "Musaev, Rasul"]
[Black "Konovalov, Nikolay"]
[Result "0-1"]
[WhiteElo "2297"]
[BlackElo "2437"]
[PlyCount "74"]
[EventDate "2016.03.01"]
[EventType "swiss"]
[EventRounds "9"]
[EventCountry "RUS"]
[SourceTitle "CBM 171 Extra"]
[Source "ChessBase"]
[SourceDate "2016.04.26"]
[SourceVersion "1"]
[SourceVersionDate "2016.04.26"]
[SourceQuality "1"]

1. e4 c5 2. Nf3 Nc6 3. Bb5 e6 4. 0-0 Nge7 5. Re1 a6 6. Bf1 d5 7. exd5 Qxd5 8. Nc3 Qd8 9. Ne4 Nf5 10. b3 Be7 11. Bb2 0-0 12. g3 b6 13. Bg2 Bb7 14. Ne5 Qc7 15. Ng4 Nfd4 16. c3 Nf5 17. Qc2 Rad8 18. Rad1 Rd7 19. d3 Rfd8 20. f4 b5 21. Nef2 b4 22. Ne5 Nxe5 23. fxe5 Bxg2 24. Kxg2 Bg5 25. Bc1 Qc6+ 26. Kf1 Bxc1 27. Qxc1 bxc3 28. Qxc3 Qf3 29. Qxc5 h5 30. Kg1 h4 31. Ne4 hxg3 32. hxg3 Nxg3 33. Qe3 Qh1+ 34. Kf2 Qh2+ 35. Kf3 Nxe4 36. Qxe4 Rd4 37. Rh1 Rxd3+ 0-1

[Event "Moscow op-A"]
[Site "Moscow"]
[Date "2015.01.31"]
[Round "1"]
[White "Konovalov, Nikolay"]
[Black "Rozanov, Pavel B"]
[Result "1-0"]
[WhiteElo "2442"]
[BlackElo "2241"]
[PlyCount "75"]
[EventDate "2015.01.31"]
[EventType "swiss"]
[EventRounds "9"]
[EventCountry "RUS"]
[SourceTitle "CBM 164 Extra"]
[Source "ChessBase"]
[SourceDate "2015.03.02"]
[SourceVersion "1"]
[SourceVersionDate "2015.03.02"]
[SourceQuality "1"]

1. d4 d5 2. c4 c6 3. Nc3 dxc4 4. Nf3 Nf6 5. a4 Bf5 6. e3 e6 7. Bxc4 Bb4 8. 0-0 0-0 9. Qe2 Bg4 10. h3 Bh5 11. Rd1 Nbd7 12. e4 h6 13. Na2 Be7 14. b3 Bg6 15. Bd3 c5 16. Bb2 Qb6 17. Ne5 Nxe5 18. dxe5 Nh7 19. Bc4 Rfd8 20. f4 a6 21. Rf1 f5 22. exf6 Nxf6 23. f5 Bf7 24. e5 Nd5 25. f6 Bf8 26. Qe4 Rd7 27. Rf3 Rad8 28. Rg3 Nb4 29. fxg7 Be7 30. Nxb4 cxb4+ 31. Kh2 Rd1 32. Rxd1 Rxd1 33. Re3 Bg5 34. Bd3 Kxg7 35. Bd4 Qc7 36. Qh7+ Kf8 37. Rf3 Rxd3 38. Bc5+ 1-0

[Event "Moscow op-A"]
[Site "Moscow"]
[Date "2013.02.03"]
[Round "2"]
[White "Konovalov, Nikolay"]
[Black "Rakhmanov, Alexander"]
[Result "1/2-1/2"]
[WhiteElo "2428"]
[BlackElo "2612"]
[PlyCount "80"]
[EventDate "2013.02.02"]
[EventType "swiss"]
[EventRounds "9"]
[EventCountry "RUS"]
[SourceTitle "CBM 152 Extra"]
[Source "ChessBase"]
[SourceDate "2013.02.25"]
[SourceVersion "1"]
[SourceVersionDate "2013.02.25"]
[SourceQuality "1"]

1. d4 Nf6 2. c4 g6 3. g3 c5 4. d5 Bg7 5. Nc3 0-0 6. Bg2 d6 7. Nf3 e6 8. 0-0 exd5 9. Nxd5 Nxd5 10. Qxd5 Nc6 11. Bf4 Be6 12. Qxd6 Qb6 13. Be3 Qxb2 14. Rab1 Qxa2 15. Qxc5 Na5 16. Nd4 Rfc8 17. Qe7 Re8 18. Qb4 Nxc4 19. Ra1 Qb2 20. Qxb2 Nxb2 21. Nxe6 Rxe6 22. Bxb7 Rd8 23. Rxa7 h6 24. Ba6 g5 25. Rc1 Nd1 26. Rc8 Rxc8 27. Bxc8 Rd6 28. Ra3 Nxe3 29. Rxe3 Bd4 30. Re8+ Kg7 31. g4 Bf6 32. Bf5 Rd8 33. Rxd8 Bxd8 34. Kg2 Bc7 35. h3 Bd8 36. e3 Bc7 37. Kf3 Kf6 38. Ke4 Ba5 39. f4 Bd2 40. Kf3 Bc1 1/2-1/2

[Event "Moscow Andersen Memorial"]
[Site "Moscow"]
[Date "2012.07.22"]
[Round "9"]
[White "Konovalov, Nikolay"]
[Black "Duong, Thanh Binh"]
[Result "1-0"]
[WhiteElo "2424"]
[BlackElo "2101"]
[PlyCount "67"]
[EventDate "2012.07.07"]
[EventType "tourn"]
[EventRounds "9"]
[EventCountry "RUS"]
[EventCategory "2"]
[SourceTitle "EXT 2013"]
[Source "ChessBase"]
[SourceDate "2012.11.22"]
[SourceVersion "1"]
[SourceVersionDate "2012.11.22"]
[SourceQuality "1"]

1. d4 Nf6 2. c4 e6 3. Nc3 Bb4 4. f3 d5 5. a3 Bxc3+ 6. bxc3 h6 7. cxd5 exd5 8. e3 0-0 9. Bd3 c5 10. Ne2 Re8 11. 0-0 Nc6 12. Ng3 Qa5 13. Bd2 Qc7 14. Re1 Be6 15. Ra2 Rac8 16. Bc1 Red8 17. Rf2 cxd4 18. cxd4 Na5 19. Bb2 Nc4 20. Ba1 Rd6 21. e4 Rc6 22. e5 Ne8 23. f4 Nxa3 24. f5 Bd7 25. Ref1 Rc1 26. Qg4 Rxf1+ 27. Rxf1 Bb5 28. Bxb5 Nxb5 29. f6 Qc2 30. Nf5 Rc7 31. Ne7+ Kh7 32. Nxd5 gxf6 33. Nxc7 Nbxc7 34. Qd7 1-0

[Event "Moscow Andersen Memorial"]
[Site "Moscow"]
[Date "2012.07.08"]
[Round "1"]
[White "Myshakov, Fyodor"]
[Black "Konovalov, Nikolay"]
[Result "0-1"]
[WhiteElo "2246"]
[BlackElo "2424"]
[PlyCount "74"]
[EventDate "2012.07.07"]
[EventType "tourn"]
[EventRounds "9"]
[EventCountry "RUS"]
[EventCategory "2"]
[SourceTitle "EXT 2013"]
[Source "ChessBase"]
[SourceDate "2012.11.22"]
[SourceVersion "1"]
[SourceVersionDate "2012.11.22"]
[SourceQuality "1"]

1. c4 e5 2. g3 Nc6 3. Bg2 d6 4. Nc3 Be6 5. d3 Qd7 6. Nd5 Nge7 7. Qa4 Rc8 8. Bd2 Nd4 9. Qxd7+ Kxd7 10. Nxe7 Bxe7 11. 0-0-0 c6 12. Bc3 b5 13. b3 a5 14. e3 Nf5 15. Ne2 a4 16. e4 Nh6 17. h3 c5 18. f4 f6 19. g4 Kc7 20. g5 Nf7 21. f5 Bd7 22. gxf6 Bxf6 23. Bd2 b4 24. Rdg1 Ra8 25. Kb2 Ra7 26. Bf3 Rha8 27. Ra1 Bxf5 28. Ng3 Bd7 29. Bg4 axb3 30. axb3 Rxa1 31. Rxa1 Rxa1 32. Kxa1 Bg5 33. Bxd7 Kxd7 34. Bxg5 Nxg5 35. h4 Nf3 36. Nh5 Nxh4 37. Nxg7 Ng2 0-1

[Event "Moscow-ch"]
[Site "Moscow"]
[Date "2012.03.12"]
[Round "3"]
[White "Nikolenko, Oleg"]
[Black "Konovalov, Nikolay"]
[Result "1-0"]
[WhiteElo "2532"]
[BlackElo "2424"]
[PlyCount "45"]
[EventDate "2012.03.10"]
[EventType "swiss"]
[EventRounds "9"]
[EventCountry "RUS"]
[SourceTitle "CBM 147 Extra"]
[Source "ChessBase"]
[SourceDate "2012.04.24"]
[SourceVersion "1"]
[SourceVersionDate "2012.04.24"]
[SourceQuality "1"]

1. e4 c5 2. Nf3 Nc6 3. Bb5 g6 4. Bxc6 dxc6 5. d3 Bg7 6. h3 e5 7. 0-0 h6 8. Be3 b6 9. a3 a5 10. Nbd2 a4 11. b4 axb3 12. Nxb3 f5 13. a4 Ba6 14. a5 fxe4 15. axb6 exf3 16. Nxc5 fxg2 17. Re1 Qc8 18. Qg4 Qxg4 19. hxg4 Nf6 20. Nxa6 Kd7 21. b7 Rxa6 22. Rxa6 Rb8 23. Rb1 1-0

[Event "Moscow op-E"]
[Site "Moscow"]
[Date "2011.02.05"]
[Round "8.40"]
[White "Akhmetov, Ayan"]
[Black "Konovalov, Nikolay"]
[Result "1/2-1/2"]
[WhiteElo "2098"]
[BlackElo "2433"]
[PlyCount "65"]
[EventDate "2011.01.29"]
[EventType "swiss"]
[EventRounds "9"]
[EventCountry "RUS"]
[SourceTitle "EXT 2022"]
[Source "ChessBase"]
[SourceDate "2021.10.06"]
[SourceVersion "1"]
[SourceVersionDate "2021.10.06"]
[SourceQuality "1"]

1. e4 c5 2. Nf3 Nc6 3. d4 cxd4 4. Nxd4 e5 5. Nb5 d6 6. N1c3 a6 7. Na3 b5 8. Nd5 Nce7 9. c4 Nxd5 10. exd5 bxc4 11. Nxc4 Be7 12. Be3 Rb8 13. Be2 Nf6 14. a4 Nd7 15. a5 f5 16. f4 0-0 17. 0-0 Bb7 18. b4 Nf6 19. Nb6 Ne4 20. Bd3 exf4 21. Bxe4 fxe4 22. Bxf4 Bg5 23. Qg4 Bxf4 24. Rxf4 Rxf4 25. Qxf4 Qe7 26. Qe3 Rf8 27. h3 h6 28. Re1 Rf5 29. Qd4 Re5 30. Re3 Kh8 31. Qc4 Qe8 32. Kh1 Re7 33. Kh2 1/2-1/2

[Event "Moscow op-E"]
[Site "Moscow"]
[Date "2011.02.01"]
[Round "4.62"]
[White "Basencyan, Mark"]
[Black "Konovalov, Nikolay"]
[Result "0-1"]
[WhiteElo "2188"]
[BlackElo "2433"]
[PlyCount "72"]
[EventDate "2011.01.29"]
[EventType "swiss"]
[EventRounds "9"]
[EventCountry "RUS"]
[SourceTitle "EXT 2022"]
[Source "ChessBase"]
[SourceDate "2021.10.06"]
[SourceVersion "1"]
[SourceVersionDate "2021.10.06"]
[SourceQuality "1"]

1. d4 Nf6 2. c4 c5 3. d5 b5 4. cxb5 a6 5. bxa6 Bxa6 6. Nc3 d6 7. e4 Bxf1 8. Kxf1 Nbd7 9. Nf3 g6 10. g3 Bg7 11. h3 Nb6 12. Kg2 0-0 13. Re1 Nfd7 14. Bf4 Nc4 15. Qe2 Nce5 16. Nxe5 Nxe5 17. Bxe5 Bxe5 18. f4 Bxc3 19. bxc3 Ra3 20. Rec1 Qa5 21. c4 Rb8 22. Rc2 Qa4 23. Rf1 Re3 24. Qxe3 Qxc2+ 25. Rf2 Qxc4 26. f5 Rb4 27. fxg6 hxg6 28. Re2 Ra4 29. Qd2 Ra3 30. h4 Rd3 31. Qg5 Rxd5 32. exd5 Qxe2+ 33. Kg1 Qxa2 34. Qxe7 Qxd5 35. Kf2 c4 36. g4 c3 0-1

[Event "Moscow op-E"]
[Site "Moscow"]
[Date "2011.01.31"]
[Round "3.97"]
[White "Konovalov, Nikolay"]
[Black "Goroshilov, Vladislav"]
[Result "1-0"]
[WhiteElo "2433"]
[BlackElo "2062"]
[PlyCount "69"]
[EventDate "2011.01.29"]
[EventType "swiss"]
[EventRounds "9"]
[EventCountry "RUS"]
[SourceTitle "EXT 2022"]
[Source "ChessBase"]
[SourceDate "2021.10.06"]
[SourceVersion "1"]
[SourceVersionDate "2021.10.06"]
[SourceQuality "1"]

1. d4 Nf6 2. c4 g6 3. g3 d5 4. cxd5 Nxd5 5. Bg2 Bg7 6. e4 Nb6 7. Ne2 Nc6 8. d5 Ne5 9. 0-0 0-0 10. Nbc3 a5 11. f4 Nec4 12. b3 Bg4 13. e5 Nxe5 14. fxe5 Bxe5 15. Bd2 a4 16. Rc1 Qd7 17. Bh6 Rfe8 18. Qd2 axb3 19. axb3 Ra3 20. Qe3 f6 21. Bf4 Bxf4 22. Nxf4 Rxb3 23. h3 e5 24. Nd3 Rxc3 25. Rxc3 Bf5 26. Nc5 Qf7 27. Rd1 Bc8 28. d6 c6 29. Nxb7 Nd5 30. Bxd5 cxd5 31. Rc7 Qe6 32. d7 Bxd7 33. Nc5 d4 34. Nxe6 dxe3 35. Rdxd7 1-0